Las dictaduras y el señor Cambó / (Record no. 77945)
[ view plain ]
| 000 -LEADER | |
|---|---|
| campo de control de longitud fija | 00880nam a2200229 i 4500 |
| 001 - NÚMERO DE CONTROL | |
| campo de control | 77945 |
| 003 - IDENTIFICADOR DE NÚMERO DE CONTROL | |
| campo de control | ES-MaACL |
| 005 - FECHA Y HORA DE LA ÚLTIMA TRANSACCIÓN | |
| campo de control | 20250819055200.0 |
| 008 - DATOS DE LONGITUD FIJA--INFORMACIÓN GENERAL | |
| campo de control de longitud fija | 041116s1929 sp |||| | spa d |
| 080 ## - NÚMERO DE LA CLASIFICACIÓN DECIMAL UNIVERSAL | |
| Número de la Clasificación Decimal Universal | 32 Cambó, Francesc |
| 100 1# - ENTRADA PRINCIPAL--NOMBRE DE PERSONA | |
| Nombre de persona | Centellas, Capitán |
| Títulos y otros términos asociados al nombre | Seud. de Gonzalo Chapela y Blanco. |
| 9 (RLIN) | 160208 |
| 245 14 - MENCIÓN DEL TÍTULO | |
| Título | Las dictaduras y el señor Cambó / |
| Mención de responsabilidad, etc. | El Capitán Centellas [seud.] ; nota editorial de Pedro Luis de Gálvez. |
| 260 ## - PUBLICACIÓN, DISTRIBUCIÓN, ETC. | |
| Lugar de publicación, distribución, etc. | Madrid : |
| Nombre del editor, distribuidor, etc. | Ed. Rubén Darío, |
| Fecha de publicación, distribución, etc. | [1929?] ( |
| Fabricante | Imp. de Galo Sáez) |
| 300 ## - DESCRIPCIÓN FÍSICA | |
| Extensión | 184 p. ; |
| Dimensiones | 19 cm. |
| 500 ## - NOTA GENERAL | |
| Nota general | Ejemplar falto de portada. |
| 594 ## - Nota al título y mención de responsabilidad | |
| Nota al título y mención de responsabilidad | Capitán Centellas es seudónimo de Gonzalo Chapela y Blanco. |
| 600 14 - PUNTO DE ACCESO ADICIONAL DE MATERIA--NOMBRE DE PERSONA | |
| Nombre de persona | Cambó, Francesc, |
| Fechas asociadas al nombre | 1876-1947 |
| 9 (RLIN) | 34032 |
| 650 #7 - PUNTO DE ACCESO ADICIONAL DE MATERIA--TÉRMINO DE MATERIA | |
| Término de materia o nombre geográfico como elemento de entrada | Dictadura |
| Fuente del encabezamiento o término | embne |
| 9 (RLIN) | 144385 |
| 700 1# - ENTRADA AGREGADA--NOMBRE PERSONAL | |
| Nombre de persona | Gálvez, Pedro Luis de, |
| Fechas asociadas al nombre | 1882-1940 |
| 9 (RLIN) | 53712 |
| 852 ## - LOCALIZACIÓN | |
| Ubicación | ES-MaACL |
| Número de control de estantería | E-10399 |
| Estatus retirado | Estado de pérdida | Estado de daño | No para préstamo | Biblioteca de origen | Biblioteca actual | Ubicación en estantería | Fecha de adquisición | Fuente de adquisición | Total de préstamos | Signatura topográfica completa | Código de barras | Visto por última vez | Precio de reemplazo | Tipo de ítem Koha |
|---|---|---|---|---|---|---|---|---|---|---|---|---|---|---|
| Biblioteca del Ateneo de Madrid | Biblioteca del Ateneo de Madrid | Depósito 2 | 17/01/2008 | E-10399 | 1081541 | 23/02/2023 | 23/02/2023 | Libro impreso |
